[Event "Zagreb Damjanovic Memorial 3rd"]
[Site "Zagreb"]
[Date "2019.11.16"]
[Round "8"]
[White "Gujic, Vladimir"]
[Black "Karlusic, Luka"]
[Result "1/2-1/2"]
[WhiteElo "1985"]
[BlackElo "1914"]
[PlyCount "60"]
[EventDate "2019.11.09"]
[EventType "swiss"]
[EventRounds "9"]
[EventCountry "CRO"]
[SourceTitle "CBM 193 Extra"]
[Source "ChessBase"]
[SourceDate "2020.01.31"]
[SourceVersion "1"]
[SourceVersionDate "2020.01.31"]
[SourceQuality "1"]

1. d4 d5 2. e3 Nf6 3. f4 c5 4. c3 Nc6 5. Nf3 Bf5 6. Be2 e6 7. 0-0 Bd6 8. Ne5 Qc7 9. Qa4 0-0 10. Nd2 a6 11. Qd1 Ne4 12. Bf3 f6 13. Nxc6 Nxd2 14. Bxd2 bxc6 15. Bg4 Bxg4 16. Qxg4 Rac8 17. Qh3 e5 18. fxe5 fxe5 19. dxc5 Bxc5 20. Rxf8+ Rxf8 21. Qe6+ Qf7 22. Qxf7+ Kxf7 23. Rf1+ Ke6 24. Rxf8 Bxf8 25. Kf2 Bd6 26. h3 h5 27. Kf3 e4+ 28. Ke2 Kf5 29. Be1 g5 30. Bf2 Bc7 1/2-1/2

[Event "Zagreb Damjanovic Memorial 3rd"]
[Site "Zagreb"]
[Date "2019.11.15"]
[Round "7"]
[White "Alfirevic, Duje"]
[Black "Gujic, Vladimir"]
[Result "1/2-1/2"]
[WhiteElo "1924"]
[BlackElo "1985"]
[PlyCount "81"]
[EventDate "2019.11.09"]
[EventType "swiss"]
[EventRounds "9"]
[EventCountry "CRO"]
[SourceTitle "CBM 193 Extra"]
[Source "ChessBase"]
[SourceDate "2020.01.31"]
[SourceVersion "1"]
[SourceVersionDate "2020.01.31"]
[SourceQuality "1"]

1. e4 d6 2. d4 Nf6 3. Nc3 Nbd7 4. Nf3 e5 5. Bc4 Be7 6. 0-0 c6 7. a4 a5 8. Re1 Qc7 9. h3 h6 10. Be3 Nf8 11. d5 g5 12. Nh2 Ng6 13. Qd2 Rg8 14. Be2 Nf4 15. Ng4 h5 16. Nxf6+ Bxf6 17. Bxf4 gxf4 18. Kh2 h4 19. dxc6 bxc6 20. Rad1 Be7 21. f3 Be6 22. b3 Kf8 23. Bd3 Kg7 24. Qe2 Kh8 25. Bc4 Rg6 26. Bxe6 fxe6 27. Qc4 Qb6 28. Qf1 Rag8 29. Re2 R8g7 30. Rd3 Qb8 31. Nd1 Qg8 32. Rc3 c5 33. Rd3 d5 34. Nc3 d4 35. Nd1 c4 36. bxc4 Bb4 37. Nb2 Bc3 38. Nd1 Bb4 39. Nb2 Bc3 40. Nd1 Bb4 41. Nb2 1/2-1/2

[Event "Zagreb Damjanovic Memorial 3rd"]
[Site "Zagreb"]
[Date "2019.11.12"]
[Round "4"]
[White "Gujic, Vladimir"]
[Black "Mrdja, Milan"]
[Result "1/2-1/2"]
[WhiteElo "1985"]
[BlackElo "2306"]
[PlyCount "28"]
[EventDate "2019.11.09"]
[EventType "swiss"]
[EventRounds "9"]
[EventCountry "CRO"]
[SourceTitle "CBM 193 Extra"]
[Source "ChessBase"]
[SourceDate "2020.01.31"]
[SourceVersion "1"]
[SourceVersionDate "2020.01.31"]
[SourceQuality "1"]

1. Nf3 Nf6 2. c4 g6 3. Nc3 c5 4. e3 Bg7 5. d4 cxd4 6. Nxd4 0-0 7. Be2 Nc6 8. 0-0 Nxd4 9. Qxd4 d6 10. Qd3 Bf5 11. e4 Be6 12. h3 Rc8 13. Nd5 Nd7 14. Bg5 Bxd5 1/2-1/2

[Event "Zagreb Damjanovic Memorial 2nd"]
[Site "Zagreb"]
[Date "2018.07.21"]
[Round "7"]
[White "Gujic, Vladimir"]
[Black "Hecimovic, Ivan"]
[Result "1/2-1/2"]
[WhiteElo "2048"]
[BlackElo "2031"]
[PlyCount "20"]
[EventDate "2018.07.16"]
[EventType "swiss"]
[EventRounds "9"]
[EventCountry "CRO"]
[SourceTitle "EXT 2019"]
[Source "ChessBase"]
[SourceDate "2018.10.10"]
[SourceVersion "1"]
[SourceVersionDate "2018.10.10"]
[SourceQuality "1"]

1. d4 Nf6 2. Nf3 g6 3. e3 Bg7 4. Be2 0-0 5. 0-0 d5 6. b3 Bg4 7. Bb2 c6 8. c4 Re8 9. cxd5 cxd5 10. h3 Bxf3 1/2-1/2

[Event "CRO Cup"]
[Site "Mali Losinj"]
[Date "2018.05.17"]
[Round "2.134"]
[White "Gujic, Vladimir"]
[Black "Saric, Branko"]
[Result "0-1"]
[WhiteElo "2073"]
[BlackElo "1865"]
[PlyCount "88"]
[EventDate "2018.05.16"]
[EventType "team-swiss"]
[EventRounds "6"]
[EventCountry "CRO"]
[SourceTitle "CBM 184 Extra"]
[Source "ChessBase"]
[SourceDate "2018.06.28"]
[SourceVersion "1"]
[SourceVersionDate "2018.06.28"]
[SourceQuality "1"]
[WhiteTeam "Zagreb Uriho"]
[BlackTeam "Omis"]
[WhiteTeamCountry "CRO"]
[BlackTeamCountry "CRO"]

1. d4 d6 2. Nf3 Nd7 3. c4 Ngf6 4. Nc3 e5 5. e4 Be7 6. Be2 0-0 7. 0-0 c6 8. Qc2 h6 9. Rd1 Qc7 10. h3 b6 11. Be3 a5 12. d5 Bb7 13. dxc6 Bxc6 14. Nd5 Bxd5 15. exd5 Rac8 16. Rac1 Nc5 17. Nh2 Qd7 18. Nf1 Nh7 19. Ng3 f5 20. Bxc5 Rxc5 21. Qb3 Bd8 22. Bh5 Qe7 23. Qd3 Qg5 24. Be2 e4 25. Qb1 Nf6 26. Rc3 Nd7 27. Qc1 Qg6 28. Bh5 Qh7 29. Qc2 Ne5 30. b3 Bf6 31. Ne2 g6 32. Rg3 Kh8 33. f4 gxh5 34. fxe5 Bxe5 35. Re3 Qg7 36. Kh1 b5 37. Rf1 Qg5 38. Rxe4 Rg8 39. Nc3 fxe4 40. Nxe4 Qg6 41. Qe2 Rc7 42. cxb5 Rf7 43. Rxf7 Qxf7 44. Qd2 Qf1# 0-1

[Event "Topusko Amateur op 6th"]
[Site "Topusko"]
[Date "2017.08.17"]
[Round "7"]
[White "Gujic, Vladimir"]
[Black "Muha, Magdalena"]
[Result "1/2-1/2"]
[WhiteElo "2059"]
[BlackElo "1505"]
[PlyCount "53"]
[EventDate "2017.08.12"]
[EventType "swiss"]
[EventRounds "9"]
[EventCountry "CRO"]
[SourceTitle "CBM 180 Extra"]
[Source "ChessBase"]
[SourceDate "2017.10.06"]
[SourceVersion "1"]
[SourceVersionDate "2017.10.06"]
[SourceQuality "1"]

1. d4 d5 2. e3 Nf6 3. c4 c6 4. Nc3 e6 5. Nf3 Be7 6. b3 Nbd7 7. Bd3 0-0 8. Bb2 a6 9. a4 a5 10. 0-0 Nb6 11. Qe2 dxc4 12. bxc4 c5 13. Rfd1 cxd4 14. exd4 Bd7 15. Ne5 Bc6 16. Nxc6 bxc6 17. Ne4 Qc7 18. Bc3 Nbd7 19. Rab1 c5 20. dxc5 Nxc5 21. Nxc5 Qxc5 22. Bd4 Qc7 23. Qc2 h6 24. Bb6 Qc6 25. Be2 Qe4 26. Bd3 Qc6 27. Be2 1/2-1/2

[Event "Topusko Amateur op 6th"]
[Site "Topusko"]
[Date "2017.08.15"]
[Round "5"]
[White "Gujic, Vladimir"]
[Black "Vujnovic, Marko"]
[Result "1-0"]
[WhiteElo "2059"]
[BlackElo "1969"]
[PlyCount "105"]
[EventDate "2017.08.12"]
[EventType "swiss"]
[EventRounds "9"]
[EventCountry "CRO"]
[SourceTitle "CBM 180 Extra"]
[Source "ChessBase"]
[SourceDate "2017.10.06"]
[SourceVersion "1"]
[SourceVersionDate "2017.10.06"]
[SourceQuality "1"]

1. d4 d6 2. Nf3 Bg4 3. e3 Nd7 4. c4 e5 5. Nc3 Ngf6 6. Be2 Be7 7. 0-0 0-0 8. h3 Bh5 9. Nh4 Bxe2 10. Qxe2 Re8 11. Nf5 Bf8 12. Qc2 g6 13. Ng3 Bg7 14. d5 c6 15. Rd1 Qc7 16. Nge4 cxd5 17. Nxf6+ Nxf6 18. Nxd5 Nxd5 19. Rxd5 e4 20. Bd2 a6 21. Ba5 b6 22. Bb4 b5 23. Rc1 Qxc4 24. Qxc4 bxc4 25. Rxc4 Rac8 26. b3 Rxc4 27. bxc4 Bf8 28. Bxd6 Rd8 29. c5 f5 30. g4 Bxd6 31. cxd6 fxg4 32. hxg4 Kf7 33. Rd4 Kf6 34. Rxe4 Rxd6 35. Kg2 Rc6 36. Ra4 h6 37. f4 Ke6 38. Kf3 Rd6 39. Ra5 Rc6 40. f5+ gxf5 41. gxf5+ Kf6 42. Kf4 Kf7 43. e4 Ke7 44. Ra4 Kf7 45. e5 Rb6 46. Kg4 Rc6 47. Kh5 Rc5 48. Re4 Rc2 49. e6+ Ke8 50. Kxh6 Rxa2 51. Kg6 a5 52. Kf6 Rb2 53. Rh4 1-0

[Event "Topusko Amateur op 6th"]
[Site "Topusko"]
[Date "2017.08.12"]
[Round "1"]
[White "Gujic, Vladimir"]
[Black "Kerman, Josip"]
[Result "1-0"]
[WhiteElo "2059"]
[BlackElo "1640"]
[PlyCount "119"]
[EventDate "2017.08.12"]
[EventType "swiss"]
[EventRounds "9"]
[EventCountry "CRO"]
[SourceTitle "CBM 180 Extra"]
[Source "ChessBase"]
[SourceDate "2017.10.06"]
[SourceVersion "1"]
[SourceVersionDate "2017.10.06"]
[SourceQuality "1"]

1. c4 c5 2. Nc3 e6 3. Nf3 d5 4. cxd5 exd5 5. d4 Be6 6. e3 Nf6 7. Be2 a6 8. 0-0 c4 9. Ne5 Nbd7 10. f4 Nxe5 11. fxe5 Ne4 12. Bg4 Qd7 13. Bxe6 Qxe6 14. Nxe4 dxe4 15. Bd2 b5 16. Qc2 f5 17. exf6 gxf6 18. Rf4 Kd7 19. Raf1 Be7 20. Rxe4 Qd5 21. Rf5 Qf7 22. Ref4 Raf8 23. Qe4 Qe6 24. Rd5+ Bd6 25. Bb4 Re8 26. Qxe6+ Rxe6 27. Rxd6+ Rxd6 28. Bxd6 Kxd6 29. Rxf6+ Kd5 30. Kf2 a5 31. Ke2 Rb8 32. Rf5+ Kc6 33. Kd2 a4 34. Rc5+ Kb6 35. a3 Rf8 36. Ke2 Rf6 37. Rh5 h6 38. g3 Rc6 39. Kd2 Rf6 40. Kc3 Ka5 41. d5 Rf3 42. Re5 Kb6 43. d6 Kc6 44. d7 Kxd7 45. Rxb5 Rxe3+ 46. Kxc4 Re2 47. h3 Kc6 48. Rb4 Rc2+ 49. Kd4 Rd2+ 50. Ke3 Rg2 51. Kf4 Rd2 52. Rxa4 Rxb2 53. Ra6+ Kd7 54. Rxh6 Rb3 55. Kg4 Rxa3 56. Rf6 Ke7 57. Rf4 Ra8 58. h4 Rg8+ 59. Kh3 Rg6 60. g4 1-0

[Event "Zadar op-B 23rd"]
[Site "Zadar"]
[Date "2016.12.14"]
[Round "5"]
[White "Klasan, Elvis"]
[Black "Gujic, Vladimir"]
[Result "1/2-1/2"]
[WhiteElo "1949"]
[BlackElo "2059"]
[PlyCount "25"]
[EventDate "2016.12.11"]
[EventType "swiss"]
[EventRounds "9"]
[EventCountry "CRO"]
[SourceTitle "CBM 176 Extra"]
[Source "ChessBase"]
[SourceDate "2017.03.02"]
[SourceVersion "1"]
[SourceVersionDate "2017.03.02"]
[SourceQuality "1"]

1. g3 Nf6 2. Bg2 d5 3. d4 e6 4. Nf3 Be7 5. 0-0 0-0 6. b3 b6 7. Bb2 Bb7 8. Nbd2 Nbd7 9. c4 c5 10. e3 Rc8 11. Rc1 Bd6 12. Ne5 Qe7 13. Ndf3 1/2-1/2

[Event "Velika Gorica op 12th"]
[Site "Velika Gorica"]
[Date "2014.08.27"]
[Round "8"]
[White "Lovrekovic, Kristijan"]
[Black "Gujic, Vladimir"]
[Result "1/2-1/2"]
[WhiteElo "2028"]
[BlackElo "2064"]
[PlyCount "114"]
[EventDate "2014.08.18"]
[EventType "swiss"]
[EventRounds "9"]
[EventCountry "CRO"]
[SourceTitle "EXT 2015"]
[Source "ChessBase"]
[SourceDate "2014.11.20"]
[SourceVersion "1"]
[SourceVersionDate "2014.11.20"]
[SourceQuality "1"]

1. e4 d6 2. d4 Nf6 3. Nc3 e5 4. dxe5 dxe5 5. Qxd8+ Kxd8 6. Bc4 Be6 7. Bxe6 fxe6 8. Bg5 Bd6 9. 0-0-0 a6 10. Nf3 Ke7 11. Rhf1 Nc6 12. Nd2 h6 13. Bh4 g5 14. Bg3 Rag8 15. f3 h5 16. Nc4 h4 17. Be1 Bc5 18. Bf2 Bd4 19. Ne2 Bxf2 20. Rxf2 g4 21. Ne3 gxf3 22. gxf3 Nh5 23. Ng4 Rf8 24. Ng1 Nf4 25. Rfd2 Rd8 26. Rxd8 Rxd8 27. Rxd8 Kxd8 28. Kd2 Ke7 29. c3 Kf7 30. Ne2 Ng2 31. Ne3 Nf4 32. Nxf4 exf4 33. Ng2 Ne5 34. Nxh4 Nc4+ 35. Kc2 Ne3+ 36. Kd3 Kf6 37. Kd4 e5+ 38. Kd3 Nf1 39. h3 Ne3 40. b3 Nd1 41. Ng2 Nf2+ 42. Ke2 Nxh3 43. Ne1 Ke6 44. Nd3 Kd6 45. b4 b6 46. c4 c5 47. a3 Ng5 48. bxc5+ bxc5 49. Kf2 Ne6 50. Kg2 Nd4 51. Ne1 Nb3 52. Nd3 Nd2 53. Nb2 Nb1 54. a4 Na3 55. Kf2 Nc2 56. Nd3 Nd4 57. Nb2 Nc6 1/2-1/2

[Event "Velika Gorica op 12th"]
[Site "Velika Gorica"]
[Date "2014.08.26"]
[Round "7"]
[White "Gujic, Vladimir"]
[Black "Samovojska, Damir"]
[Result "0-1"]
[WhiteElo "2064"]
[BlackElo "2226"]
[PlyCount "38"]
[EventDate "2014.08.18"]
[EventType "swiss"]
[EventRounds "9"]
[EventCountry "CRO"]
[SourceTitle "EXT 2015"]
[Source "ChessBase"]
[SourceDate "2014.11.20"]
[SourceVersion "1"]
[SourceVersionDate "2014.11.20"]
[SourceQuality "1"]

1. d4 Nf6 2. e3 g6 3. Bd3 c5 4. f4 Bg7 5. Nf3 cxd4 6. exd4 0-0 7. 0-0 Nc6 8. c3 d6 9. h3 e5 10. fxe5 dxe5 11. dxe5 Qb6+ 12. Kh2 Nh5 13. Qb3 Qc7 14. Re1 Nxe5 15. Nxe5 Bxe5+ 16. Kh1 Bg3 17. Rf1 Bd6 18. Rf3 Ng3+ 19. Kh2 Ne2+ 0-1

[Event "Velika Gorica op 12th"]
[Site "Velika Gorica"]
[Date "2014.08.21"]
[Round "4"]
[White "Doric, Nenad"]
[Black "Gujic, Vladimir"]
[Result "1-0"]
[WhiteElo "2330"]
[BlackElo "2064"]
[PlyCount "81"]
[EventDate "2014.08.18"]
[EventType "swiss"]
[EventRounds "9"]
[EventCountry "CRO"]
[SourceTitle "EXT 2015"]
[Source "ChessBase"]
[SourceDate "2014.11.20"]
[SourceVersion "1"]
[SourceVersionDate "2014.11.20"]
[SourceQuality "1"]

1. e4 e5 2. Nf3 Nf6 3. Nc3 Bb4 4. Nxe5 0-0 5. Be2 Re8 6. Nd3 Bxc3 7. dxc3 Nxe4 8. 0-0 d6 9. Nf4 Nd7 10. c4 Nf8 11. a4 Ng6 12. Nxg6 hxg6 13. Ra3 Bd7 14. a5 a6 15. Re3 Qf6 16. Bf3 Bc6 17. Rfe1 Nc5 18. Rxe8+ Rxe8 19. Rxe8+ Bxe8 20. b4 Ne6 21. Bxb7 Qc3 22. Bxa6 Qxb4 23. Bd2 Qb8 24. c5 Nxc5 25. Bf1 Ba4 26. Be3 Qb4 27. a6 Qa5 28. Bxc5 Qxc5 29. Qa1 Bc6 30. a7 Ba8 31. Qa6 Kh7 32. Qa4 Qd5 33. Qh4+ Kg8 34. Qd8+ Kh7 35. Qxc7 Qd1 36. Qc4 Qh5 37. Qxf7 Qd1 38. Qc4 Qh5 39. Qc8 Qd5 40. Qh3+ Kg8 41. Qb3 1-0

[Event "Velika Gorica op 12th"]
[Site "Velika Gorica"]
[Date "2014.08.19"]
[Round "2"]
[White "Gujic, Vladimir"]
[Black "Ivekovic, Bozidar1"]
[Result "1/2-1/2"]
[WhiteElo "2064"]
[BlackElo "2317"]
[PlyCount "109"]
[EventDate "2014.08.18"]
[EventType "swiss"]
[EventRounds "9"]
[EventCountry "CRO"]
[SourceTitle "EXT 2015"]
[Source "ChessBase"]
[SourceDate "2014.11.20"]
[SourceVersion "1"]
[SourceVersionDate "2014.11.20"]
[SourceQuality "1"]

1. Nf3 c5 2. c4 Nc6 3. Nc3 g6 4. e3 Nf6 5. d4 cxd4 6. exd4 Bg7 7. d5 Nb8 8. Be2 0-0 9. 0-0 d6 10. h3 Na6 11. Be3 Nc5 12. Nd4 a5 13. Qc2 Bd7 14. Rfd1 a4 15. b4 axb3 16. axb3 Qb6 17. Rxa8 Rxa8 18. Rb1 Qb4 19. Bd2 Qb6 20. Be3 Qc7 21. b4 Na6 22. Qb3 Qc8 23. Rd1 Ne8 24. Rf1 Nf6 25. Ndb5 Nc7 26. c5 Nxb5 27. Nxb5 Ne4 28. Rc1 dxc5 29. bxc5 Bxb5 30. Bxb5 Qc7 31. Bd3 Nf6 32. c6 bxc6 33. dxc6 Ne8 34. Qb7 Rb8 35. Qxc7 Nxc7 36. Rb1 Rxb1+ 37. Bxb1 Be5 38. Ba2 Kf8 39. Bb6 Na8 40. Bc5 Bd6 41. Bxd6 exd6 42. f4 Ke7 43. Kf2 Nc7 44. Ke3 d5 45. f5 Kd6 46. Kf4 Kxc6 47. Ke5 gxf5 48. Kxf5 Kd6 49. Kf6 Ne6 50. Kxf7 Nf4 51. Kg7 h5 52. g3 Nxh3 53. Kg6 d4 54. Kxh5 Ke5 55. Bb1 1/2-1/2

[Event "Zagreb op-B"]
[Site "Zagreb"]
[Date "2012.03.09"]
[Round "5"]
[White "Gabre, Zeljko"]
[Black "Gujic, Vladimir"]
[Result "1-0"]
[WhiteElo "2174"]
[BlackElo "2073"]
[PlyCount "97"]
[EventDate "2012.03.05"]
[EventType "swiss"]
[EventRounds "9"]
[EventCountry "CRO"]
[SourceTitle "CBM 147 Extra"]
[Source "ChessBase"]
[SourceDate "2012.04.24"]
[SourceVersion "1"]
[SourceVersionDate "2012.04.24"]
[SourceQuality "1"]

1. e4 d6 2. d4 Nf6 3. Nc3 e5 4. dxe5 dxe5 5. Qxd8+ Kxd8 6. Bg5 Nbd7 7. 0-0-0 Bd6 8. Bc4 Ke8 9. f3 a6 10. Nge2 h6 11. Bh4 Kf8 12. g4 b5 13. Bd5 Rb8 14. Bf2 Nxd5 15. Nxd5 Bb7 16. Nxc7 Bxc7 17. Rxd7 Rc8 18. Rhd1 Bc6 19. R7d3 Kg8 20. Nc3 Kh7 21. Nd5 Rhe8 22. Rc3 Ba5 23. Ra3 Bd8 24. Rxa6 Bg5+ 25. Kb1 Red8 26. h4 Bf4 27. Rd3 Be8 28. a3 Kh8 29. Ra7 Rb8 30. Bb6 Rdc8 31. Bc7 Ra8 32. Rxa8 Rxa8 33. Nb6 Ra7 34. Rd8 Rxc7 35. Rxe8+ Kh7 36. Nd5 Rb7 37. h5 g6 38. Re7 Rxe7 39. Nxe7 gxh5 40. gxh5 Kg7 41. Nd5 Bd2 42. b3 Kf8 43. c4 bxc4 44. bxc4 Ke8 45. Kc2 Ba5 46. c5 Kd7 47. Kd3 Kc6 48. Kc4 Bd8 49. Nb4+ 1-0

[Event "CRO-chT3 Center-A"]
[Site "Zagreb"]
[Date "2011.10.30"]
[Round "11.22"]
[White "Vrsek, Ivan"]
[Black "Gujic, Vladimir"]
[Result "1-0"]
[WhiteElo "2204"]
[BlackElo "2080"]
[PlyCount "63"]
[EventDate "2011.03.13"]
[EventType "team-tourn"]
[EventRounds "11"]
[EventCountry "CRO"]
[SourceTitle "EXT 2014"]
[Source "ChessBase"]
[SourceDate "2013.11.20"]
[SourceVersion "1"]
[SourceVersionDate "2013.11.20"]
[SourceQuality "1"]

1. d4 d6 2. c4 Nf6 3. Nc3 Nbd7 4. e4 e5 5. Nge2 Be7 6. g3 c6 7. Bg2 exd4 8. Nxd4 Nb6 9. b3 d5 10. cxd5 Bb4 11. Bd2 cxd5 12. e5 Ng4 13. e6 Nf6 14. exf7+ Kxf7 15. 0-0 Re8 16. Rc1 Ba3 17. Rc2 Bg4 18. f3 Bc5 19. Ncb5 Bxd4+ 20. Nxd4 Bh5 21. Bf4 Bg6 22. Rc7+ Re7 23. Ne6 Kxe6 24. Re1+ Ne4 25. Rxe7+ Qxe7 26. fxe4 d4 27. Rf1 Qc5 28. Qg4+ Ke7 29. Bg5+ Kd6 30. Qf4+ Kd7 31. Bh3+ Ke8 32. b4 1-0

[Event "Velika Gorica op 9th"]
[Site "Velika Gorica"]
[Date "2010.08.28"]
[Round "6"]
[White "Gujic, Vladimir"]
[Black "Basaric, Srdjan"]
[Result "0-1"]
[WhiteElo "2046"]
[BlackElo "2130"]
[PlyCount "104"]
[EventDate "2010.08.23"]
[EventType "swiss"]
[EventRounds "9"]
[EventCountry "CRO"]
[SourceTitle "CBM 138 Extra"]
[Source "ChessBase"]
[SourceDate "2010.10.29"]
[SourceVersion "1"]
[SourceVersionDate "2010.10.29"]
[SourceQuality "1"]

1. d4 Nf6 2. c4 e5 3. dxe5 Ng4 4. Nf3 Nc6 5. e3 Bb4+ 6. Bd2 Bxd2+ 7. Qxd2 Ngxe5 8. Be2 d6 9. Nc3 0-0 10. Nxe5 Nxe5 11. 0-0 Be6 12. b3 f5 13. Nd5 Kh8 14. Rfd1 a5 15. Rac1 b6 16. a3 Bxd5 17. Qxd5 Qe7 18. Bf3 Rae8 19. g3 Nxf3+ 20. Qxf3 Qe4 21. Qxe4 Rxe4 22. h4 g6 23. a4 Rfe8 24. Rd5 Kg7 25. Kg2 Kf6 26. Rh1 R8e5 27. Rhd1 Rxd5 28. Rxd5 Re5 29. Rd4 Ke6 30. Kf3 d5 31. Ke2 dxc4 32. Rxc4 Kd6 33. f4 Rc5 34. Rd4+ Rd5 35. Rc4 c6 36. e4 fxe4 37. Rxe4 b5 38. g4 Kc5 39. axb5 cxb5 40. Re3 Kb4 41. Rf3 a4 42. bxa4 bxa4 43. f5 gxf5 44. gxf5 a3 45. Rf1 a2 46. f6 Kc3 47. Ke3 Rd6 48. Rc1+ Kb2 49. f7 Rf6 50. Rc6 Rxc6 51. f8Q a1Q 52. Qb8+ Kc1 0-1

[Event "Velika Gorica op 9th"]
[Site "Velika Gorica"]
[Date "2010.08.24"]
[Round "2"]
[White "Jurkovic, Ante"]
[Black "Gujic, Vladimir"]
[Result "1-0"]
[WhiteElo "2329"]
[BlackElo "2046"]
[PlyCount "81"]
[EventDate "2010.08.23"]
[EventType "swiss"]
[EventRounds "9"]
[EventCountry "CRO"]
[SourceTitle "CBM 138 Extra"]
[Source "ChessBase"]
[SourceDate "2010.10.29"]
[SourceVersion "1"]
[SourceVersionDate "2010.10.29"]
[SourceQuality "1"]

1. e4 c6 2. d4 d5 3. Nd2 dxe4 4. Nxe4 Nd7 5. Ng5 Ngf6 6. Bd3 e6 7. N1f3 Bd6 8. Qe2 h6 9. Ne4 Nxe4 10. Qxe4 Qc7 11. Bd2 b6 12. 0-0-0 Bb7 13. Qg4 g5 14. Qe4 c5 15. Qe2 0-0-0 16. Be4 Bxe4 17. Qxe4 Qb7 18. Qe2 cxd4 19. Nxd4 Kb8 20. Nb5 Be5 21. Bb4 Bf4+ 22. Kb1 Qxg2 23. Rhg1 Qxh2 24. Be7 Rde8 25. Nxa7 Ne5 26. Bd6+ Kxa7 27. Rh1 Qg2 28. Bxe5 Bxe5 29. Qxe5 Rd8 30. a4 Qc6 31. a5 Rc8 32. axb6+ Kb7 33. Qe2 Rcd8 34. Rh3 Rxd1+ 35. Qxd1 Rc8 36. Rc3 Qd5 37. Rd3 Qc5 38. Qf3+ Kb8 39. Rc3 Qd5 40. Rxc8+ Kxc8 41. Qc3+ 1-0

[Event "Zagreb op-B"]
[Site "Zagreb"]
[Date "2010.02.26"]
[Round "2"]
[White "Gujic, Vladimir"]
[Black "Starcevic, Kresimir"]
[Result "0-1"]
[WhiteElo "2035"]
[BlackElo "2170"]
[PlyCount "152"]
[EventDate "2010.02.25"]
[EventType "swiss"]
[EventRounds "9"]
[EventCountry "CRO"]
[SourceTitle "CBM 135 Extra"]
[Source "ChessBase"]
[SourceDate "2010.05.04"]
[SourceVersion "1"]
[SourceVersionDate "2010.05.04"]
[SourceQuality "1"]

1. Nf3 Nf6 2. d4 c5 3. e3 e6 4. Bd3 b6 5. 0-0 Bb7 6. b3 Be7 7. Bb2 0-0 8. Nbd2 cxd4 9. exd4 Ba6 10. c4 Nc6 11. Qe2 d5 12. Rac1 Rc8 13. Rfd1 Re8 14. Nf1 dxc4 15. bxc4 Nb4 16. Bb1 Nbd5 17. g3 Bf8 18. Ne5 Ne7 19. Ne3 Ng6 20. f4 Nd5 21. N3g4 Nf6 22. Ne3 Nd5 23. N3g4 Nf6 24. Ne3 Rc7 25. Qf2 Qa8 26. Bd3 Bb7 27. N3g4 Nxg4 28. Nxg4 Bf3 29. Be2 Be4 30. Bf1 Rec8 31. Ne3 Ne7 32. g4 Bf3 33. Bg2 Bxg2 34. Qxg2 Qxg2+ 35. Kxg2 Nc6 36. Bc3 Nb4 37. Bxb4 Bxb4 38. Rb1 Bd6 39. f5 Bf4 40. Kf3 Bxe3 41. Kxe3 Rxc4 42. Rd2 Kf8 43. fxe6 fxe6 44. Rf1+ Ke7 45. Rff2 Rc1 46. Ke4 Kd6 47. Rf7 R8c7 48. Rxc7 Rxc7 49. Rf2 b5 50. Rb2 a6 51. a4 Rb7 52. Rb4 g5 53. h3 h6 54. axb5 Rxb5 55. Ra4 a5 56. Ra3 Rd5 57. Ra1 Rb5 58. Ra3 Kc6 59. Rc3+ Kb7 60. Rf3 a4 61. Rf7+ Ka6 62. Rf6 a3 63. Rxe6+ Rb6 64. Re8 Kb5 65. Ra8 Ra6 66. Rb8+ Kc4 67. Rb1 a2 68. Ra1 Kb3 69. d5 Kb2 70. Rxa2+ Kxa2 71. Ke5 Kb3 72. d6 Kc4 73. d7 Ra8 74. Kf6 Kd5 75. Kg7 Ke6 76. Kxh6 Kf6 0-1

[Event "Zagreb op-B"]
[Site "Zagreb"]
[Date "2009.03.27"]
[Round "7"]
[White "Gujic, Vladimir"]
[Black "Petrovic, Zvonko"]
[Result "0-1"]
[WhiteElo "2051"]
[BlackElo "2256"]
[PlyCount "76"]
[EventDate "2009.03.21"]
[EventType "swiss"]
[EventRounds "9"]
[EventCountry "CRO"]
[SourceTitle "CBM 129 Extra"]
[Source "ChessBase"]
[SourceDate "2009.05.05"]
[SourceVersion "2"]
[SourceVersionDate "2009.05.20"]
[SourceQuality "1"]

1. d4 Nf6 2. c4 g6 3. Nc3 Bg7 4. e4 d6 5. Nf3 0-0 6. Be2 e5 7. 0-0 Nc6 8. d5 Ne7 9. b4 Nd7 10. Nd2 f5 11. f3 f4 12. Ba3 Nf6 13. c5 g5 14. Nc4 h5 15. h3 Ng6 16. b5 Ne8 17. b6 axb6 18. cxb6 Rf6 19. bxc7 Qxc7 20. Qb3 g4 21. fxg4 hxg4 22. hxg4 Bh6 23. Nb5 Qd8 24. Rad1 Bf8 25. Rd3 Nh4 26. Rh3 Rg6 27. Qd1 Bd7 28. Rb3 Nf6 29. Nbxd6 Nxg4 30. Nf5 Bxa3 31. Nxa3 Bxf5 32. exf5 Ne3 33. fxg6 Nxd1 34. Rxd1 Qg5 35. g4 f3 36. Bxf3 Nxf3+ 37. Rxf3 Qxg4+ 38. Kf2 e4 0-1

[Event "Velika Gorica op 8th"]
[Site "Velika Gorica"]
[Date "2008.08.30"]
[Round "9"]
[White "Gujic, Vladimir"]
[Black "Kinez, Ivo"]
[Result "1-0"]
[WhiteElo "2004"]
[BlackElo "2125"]
[PlyCount "55"]
[EventDate "2008.08.23"]
[EventType "swiss"]
[EventRounds "9"]
[EventCountry "CRO"]
[SourceTitle "CBM 126 Extra"]
[Source "ChessBase"]
[SourceDate "2008.11.05"]
[SourceVersion "1"]
[SourceVersionDate "2008.11.05"]
[SourceQuality "1"]

1. d4 Nf6 2. c4 g6 3. Nc3 d5 4. cxd5 Nxd5 5. e4 Nxc3 6. bxc3 Bg7 7. Be3 c5 8. Qd2 0-0 9. Nf3 Qa5 10. Rc1 Rd8 11. d5 e6 12. c4 Qa3 13. Be2 Nc6 14. 0-0 b6 15. Bd3 Nb4 16. Bb1 Ba6 17. Bg5 Rd7 18. Qf4 exd5 19. Ne5 Rb7 20. Bf6 Bxc4 21. Bxg7 Kxg7 22. Ng4 f5 23. Qe5+ Kf8 24. Qh8+ Ke7 25. Qxa8 Rc7 26. exf5 Bxf1 27. Re1+ Kd6 28. Re6+ 1-0

[Event "Velika Gorica op 8th"]
[Site "Velika Gorica"]
[Date "2008.08.28"]
[Round "7"]
[White "Gujic, Vladimir"]
[Black "Vukusic, Marin"]
[Result "1-0"]
[WhiteElo "2004"]
[BlackElo "2146"]
[PlyCount "69"]
[EventDate "2008.08.23"]
[EventType "swiss"]
[EventRounds "9"]
[EventCountry "CRO"]
[SourceTitle "CBM 126 Extra"]
[Source "ChessBase"]
[SourceDate "2008.11.05"]
[SourceVersion "1"]
[SourceVersionDate "2008.11.05"]
[SourceQuality "1"]

1. d4 d5 2. Nf3 Bf5 3. c4 e6 4. Nc3 Nf6 5. Qb3 Nc6 6. a3 dxc4 7. Qxc4 Bd6 8. Bg5 Qd7 9. Bxf6 gxf6 10. e4 Bg6 11. g3 a6 12. Bg2 b5 13. Qe2 e5 14. Nd5 Qd8 15. dxe5 fxe5 16. Qc2 Ne7 17. Nxe7 Kxe7 18. Rd1 f6 19. Nh4 Rb8 20. Bh3 b4 21. Nf5+ Bxf5 22. Bxf5 bxa3 23. bxa3 Qg8 24. Rxd6 Kxd6 25. 0-0 c5 26. Rd1+ Kc6 27. Qa4+ Rb5 28. Qxa6+ Rb6 29. Qa4+ Rb5 30. Bd7+ Kc7 31. Qxb5 Qb8 32. Qc6+ Kd8 33. Be8+ Ke7 34. Qd7+ Kf8 35. Qf7# 1-0